000 00533nam a2200193Ia 4500
003 Ost
005 20260507075701.0
008 260507s9999||||xx |||||||||||||| ||und||
020 _a3250119957
040 _cfsecg
041 _aara
100 _aالضمور، هاني حامد
_eمؤلف
245 0 _aتسويق الخدمات /
_c هاني حامد الضمور
260 _aعمان:
_bدار وائل للنشر,
_c2002
300 _a435 صفحة؛
653 _aتسويق
653 _aخدمات
942 _cكتاب
999 _c45841
_d45841